00272 a2200097 4500082000800000100002100008245008200029250000900111260004600120300000800166 a425 aM. Alderton Pink aEnglish Grammar Composition and CorrespondencecM. Alderton PinkhS.E. Thomas a12th aNew DelhibS. Chand & Company LTD.c1993 a408